| 000 | 08028cam a22009374i 4500 | ||
|---|---|---|---|
| 001 | u51188 | ||
| 003 | PE-LiUPU | ||
| 005 | 20250731180147.0 | ||
| 008 | 150706s2010 pe a r 000 0 spa d | ||
| 020 | _a9789972111099 | ||
| 035 | _a(Sirsi) i9789972111099 | ||
| 040 |
_aPE-LiUPU _bspa _cPE-LiUPU _erda |
||
| 049 | _aPRUA | ||
| 082 | 0 | 4 |
_a574.585 _bB81 _221 |
| 082 | 0 | 4 |
_a574.85 _bB81 2012 _221 |
| 100 | 1 |
_aBrack Egg, Antonio, _eautor. |
|
| 245 | 1 | 0 |
_aEcología del Perú / _cAntonio Brack Egg y Cecilia Mendiola Vargas. |
| 250 | _a3a ed. | ||
| 264 | 1 |
_aLima : _bBruño, _c2010. |
|
| 300 |
_a496 páginas : _bilustraciones a color ; _c25 cm. |
||
| 336 |
_atext _2rdacontent |
||
| 337 |
_aunmediated _2rdamedia |
||
| 338 |
_avolume _2rdacarrier |
||
| 505 | 0 | _aEl ambiente -- El ambiente y los factores ambientales -- Comunidades bióticas y ecosistema -- Las regiones naturales del Perú -- Las ecorregiones del Perú -- El mar frío de la corriente peruana -- El mar tropical -- El bosque tropical del pacífico -- El bosque seco ecuatorial -- El desierto y las lomas costeras -- La serranía esteparia -- La puna y los altos andes -- El páramo -- Los bosques de la selva alta -- El bosque tropical amazónico o selva baja -- La sábana de palmeras -- Los recursos naturales y su uso sostenible -- La tierra y sus recursos naturales -- La atmósfera, el aire y el clima -- El agua como recurso natural -- La tierra y el suelo como recursos naturales -- La flora y la vegetación como recurso natural. A-La fauna como recurso natural -- La diversidad biológica -- La especie humana y el ambiente -- La especie humana y el ambiente -- La contaminación del agua -- La contaminación del aire -- La contaminación del suelo y de los alimentos -- Algunas soluciones a la contaminación ambiental -- El desarrollo sostenible -- Hacia una nueva concepción del desarrollo -- La conservación de la naturaleza -- El marco legal y el desarrollo sostenible. | |
| 526 | _aSEG44 | ||
| 526 | _aSEG26 | ||
| 526 | _aP159 | ||
| 526 | _aP155 | ||
| 526 | _aP154 | ||
| 526 | _aP153 | ||
| 526 | _aP150 | ||
| 526 | _aP100 | ||
| 526 | _aP31 | ||
| 526 | _aP30 | ||
| 526 | _aP26 | ||
| 526 | _aP25 | ||
| 526 | _aP24 | ||
| 526 | _aP22 | ||
| 526 | _aP15 | ||
| 526 | _aP10 | ||
| 541 | _g001-00003175; | ||
| 541 | _g001-0035385; | ||
| 541 | _g001-0035385; | ||
| 541 | _g015-0014331; | ||
| 596 | _a1 2 3 | ||
| 650 | 0 | 4 |
_aEcología _zPerú. |
| 700 | 1 |
_aMendiola Vargas, Cecilia, _eautor. |
|
| 910 |
_ajck _bncf _cncf _d20170801 |
||
| 910 |
_bjv _cng _d20120627 |
||
| 910 |
_btqv _caic _d20170125 |
||
| 942 |
_2ddc _cBOOK |
||
| 994 |
_aC0 _bPEPRU |
||
| 949 |
_a574.585 B81 _wDEWEY _c1 _i64996 _d2018-5-11 _e2017-3-13 _f2018-2-12 _g4 _lCCODEBUL1 _mBUL _n2 _p23.00 _q1 _r0 _sY _tBOOK _u2015-7-6 _xINGENIERIA _PP24 _0COMPRA _o.STAFF. Colección General |
||
| 949 |
_a574.585 B81 _wDEWEY _c2 _i64997 _d2018-5-24 _e2018-5-23 _f2018-2-12 _g4 _lCCODEBUL1 _mBUL _n2 _p23.00 _r0 _sY _tBOOK _u2015-7-6 _xINGENIERIA _PP24 _0COMPRA _o.STAFF. Colección General |
||
| 949 |
_a574.585 B81 _wDEWEY _c3 _i65516 _d2018-1-19 _e2017-4-17 _f2018-2-8 _g4 _lFIA2 _mBUL _n2 _p23.00 _q1 _r0 _sY _tBOOK _u2015-7-6 _xINGENIERIA _PP24 _0COMPRA _o.STAFF. Colección General |
||
| 949 |
_a574.585 B81 _wDEWEY _c4 _i76637 _f2018-2-12 _g1 _lCCODEBUL1 _mBUL _p18.53 _r0 _sY _tBOOK _u2017-8-1 _xINGENIERIA _PP24 _0COMPRA _o.STAFF. Colección Ingeniería y Arquitectura |
||
| 949 |
_a574.585 B81 _wDEWEY _c5 _i76638 _f2018-2-12 _g1 _lCCODEBUL1 _mBUL _p18.53 _r0 _sY _tBOOK _u2017-8-1 _xINGENIERIA _PP24 _0COMPRA _o.STAFF. Colección Ingeniería y Arquitectura |
||
| 949 |
_a574.7 B81 _wDEWEY _c1 _iFT02384 _d2018-4-2 _e2018-3-14 _lCCODEBUT1 _mBUT _n1 _p23.00 _r0 _sY _tBOOK _u2016-6-8 _xINGENIERIA _PP24 _0COMPRA _o.STAFF. Colección General |
||
| 949 |
_a574.85 B81 2012 _wDEWEY _c1 _iFJ05968 _d2017-4-12 _e2017-4-10 _f2017-12-28 _g1 _lCCODEBUJ1 _mBUJ _n1 _p18.00 _r0 _sY _tBOOK _u2017-1-25 _xINGENIERIA _PP24 _0COMPRA _o.STAFF. Colección General Juliaca |
||
| 949 |
_a574.85 B81 2012 _wDEWEY _c2 _iFJ05969 _d2018-3-16 _e2018-3-14 _f2017-12-28 _g1 _lCCODEBUJ1 _mBUJ _n3 _p18.00 _r0 _sY _tBOOK _u2017-1-25 _xINGENIERIA _PP24 _0COMPRA _o.STAFF. Colección General Juliaca |
||
| 949 |
_a574.85 B81 2012 _wDEWEY _c3 _iFJ05970 _d2017-3-29 _e2017-3-27 _f2017-12-28 _g1 _lCCODEBUJ1 _mBUJ _n2 _p18.00 _r0 _sY _tBOOK _u2017-1-25 _xINGENIERIA _PP24 _0COMPRA _o.STAFF. Colección General Juliaca |
||
| 949 |
_a574.85 B81 2012 _wDEWEY _c4 _iFJ05971 _d2017-4-5 _e2017-4-5 _f2017-12-28 _g1 _lCCODEBUJ1 _mBUJ _n2 _p18.00 _r0 _sY _tBOOK _u2017-1-25 _xINGENIERIA _PP24 _0COMPRA _o.STAFF. Colección General Juliaca |
||
| 949 |
_a574.85 B81 2012 _wDEWEY _c5 _iFJ05972 _d2017-4-6 _e2017-4-5 _f2017-12-28 _g1 _lCCODEBUJ1 _mBUJ _n1 _p18.00 _r0 _sY _tBOOK _u2017-1-25 _xINGENIERIA _PP24 _0COMPRA _o.STAFF. Colección General Juliaca |
||
| 949 |
_a574.85 B81 2012 _wDEWEY _c6 _iFJ05973 _f2017-12-28 _g1 _lCCODEBUJ1 _mBUJ _p18.00 _r0 _sY _tBOOK _u2017-1-25 _xINGENIERIA _PP24 _0COMPRA _o.STAFF. Colección General Juliaca |
||
| 949 |
_a574.85 B81 2012 _wDEWEY _c7 _iFJ05974 _d2017-3-28 _e2017-3-28 _f2017-12-28 _g1 _lCCODEBUJ1 _mBUJ _n1 _p18.00 _r0 _sY _tBOOK _u2017-1-25 _xINGENIERIA _PP24 _0COMPRA _o.STAFF. Colección General Juliaca |
||
| 999 |
_a574.585 B81 _wDEWEY _c53693 _i64996 _d53693 _e2017-3-13 _f2021-11-9 _g7 _lCCODEBUL1 _mBUL _n2 _p23.00 _q1 _r0 _sY _tBOOK _u2015-7-6 _xINGENIERIA _PP24 _0COMPRA _o.STAFF. Colección General |
||
| 999 |
_a574.585 B81 _wDEWEY _c2 _i64997 _d2019-8-15 _e2019-8-11 _f2021-11-9 _g7 _lCCODEBUL1 _mBUL _n4 _p23.00 _r0 _sY _tBOOK _u2015-7-6 _xINGENIERIA _PP24 _0COMPRA _o.STAFF. Colección General |
||
| 999 |
_a574.585 B81 _wDEWEY _c3 _i65516 _d2019-7-9 _e2017-4-17 _f2021-11-9 _g7 _lCCODEBUL1 _mBUL _n2 _p23.00 _q3 _r0 _sN _tBOOK _u2015-7-6 _xINGENIERIA _PP24 _0COMPRA _o.STAFF. Colección General |
||
| 999 |
_a574.585 B81 _wDEWEY _c4 _i76637 _f2021-11-9 _g4 _lCCODEBUL1 _mBUL _p18.53 _r0 _sY _tBOOK _u2017-8-1 _xINGENIERIA _PP24 _0COMPRA _o.STAFF. Colección Ingeniería y Arquitectura |
||
| 999 |
_a574.585 B81 _wDEWEY _c5 _i76638 _d2018-6-28 _f2021-11-9 _g4 _lCCODEBUL1 _mBUL _p18.53 _q1 _r0 _sY _tBOOK _u2017-8-1 _xINGENIERIA _PP24 _0COMPRA _o.STAFF. Colección Ingeniería y Arquitectura |
||
| 999 |
_a574.7 B81 _wDEWEY _c1 _iFT02384 _d2018-4-2 _e2018-3-14 _f2019-2-20 _g1 _lCCODEBUT1 _mBUT _n1 _p23.00 _r0 _sY _tBOOK _u2016-6-8 _xINGENIERIA _PP24 _0COMPRA _o.STAFF. Colección General |
||
| 999 |
_a574.85 B81 2012 _wDEWEY _c1 _iFJ05968 _d2019-6-6 _e2019-6-3 _f2022-1-25 _g4 _lCCODEBUJ1 _mBUJ _n2 _p18.00 _q1 _r0 _sY _tBOOK _u2017-1-25 _xINGENIERIA _PP24 _0COMPRA _o.STAFF. Colección General Juliaca |
||
| 999 |
_a574.85 B81 2012 _wDEWEY _c2 _iFJ05969 _d2018-3-16 _e2018-3-14 _f2022-1-25 _g4 _lCCODEBUJ1 _mBUJ _n3 _p18.00 _r0 _sY _tBOOK _u2017-1-25 _xINGENIERIA _PP24 _0COMPRA _o.STAFF. Colección General Juliaca |
||
| 999 |
_a574.85 B81 2012 _wDEWEY _c3 _iFJ05970 _d2017-3-29 _e2017-3-27 _f2022-1-25 _g4 _lCCODEBUJ1 _mBUJ _n2 _p18.00 _r0 _sY _tBOOK _u2017-1-25 _xINGENIERIA _PP24 _0COMPRA _o.STAFF. Colección General Juliaca |
||
| 999 |
_a574.85 B81 2012 _wDEWEY _c4 _iFJ05971 _d2017-4-5 _e2017-4-5 _f2022-1-25 _g4 _lCCODEBUJ1 _mBUJ _n2 _p18.00 _r0 _sY _tBOOK _u2017-1-25 _xINGENIERIA _PP24 _0COMPRA _o.STAFF. Colección General Juliaca |
||
| 999 |
_a574.85 B81 2012 _wDEWEY _c5 _iFJ05972 _d2017-4-6 _e2017-4-5 _f2022-1-25 _g4 _lCCODEBUJ1 _mBUJ _n1 _p18.00 _r0 _sY _tBOOK _u2017-1-25 _xINGENIERIA _PP24 _0COMPRA _o.STAFF. Colección General Juliaca |
||
| 999 |
_a574.85 B81 2012 _wDEWEY _c6 _iFJ05973 _f2022-1-25 _g4 _lCCODEBUJ1 _mBUJ _p18.00 _r0 _sY _tBOOK _u2017-1-25 _xINGENIERIA _PP24 _0COMPRA _o.STAFF. Colección General Juliaca |
||
| 999 |
_a574.85 B81 2012 _wDEWEY _c7 _iFJ05974 _d2019-10-11 _e2019-10-10 _f2022-1-25 _g4 _lCCODEBUJ1 _mBUJ _n2 _p18.00 _q1 _r0 _sY _tBOOK _u2017-1-25 _xINGENIERIA _PP24 _0COMPRA _o.STAFF. Colección General Juliaca |
||
| 980 |
_81 _gALBERTO SANCHEZ Responsable de Automatización |
||